Anglais vocabulaire - Statistiques

Statistiques générales
  • Ce quiz a été pris 173 fois
  • Le résultat moyen est 8 sur 19
Statistiques - réponses
Hint Réponse % Correct
Histoire Story
89%
where
82%
il y a (pluriel) There are
80%
il y a there is
77%
raconter une histoire tell a story
66%
un lieu a place
62%
je pense que ... I think that
56%
personnages principaux main characters
56%
je crois que ... I believe that
47%
les trois petits cochons the three little pigs
38%
rester to stay
31%
un petit repos a little rest
24%
ça parle de ... it talks about
24%
une histoire d'enfant a children story
18%
un conte a tale
16%
est situé à ... is located at
14%
le petit chaperon rouge little red riding hood
6%
l'histoire se déroule dans ... the scene takes place in
1%
cela se passe à ... this is happening at
1%
Aucun quiz correspondant
Distribution des résultats
% des personnes avec chaque résultat
Percentile par nombre de réponses
Votre historique - résultats
Vous n’avez pas pris ce quiz